00977nam a22002777a 45000050016000000100015000160200011000310350013000420370013000550820012000681000019000802450096000992500011001952600041002062700053002473000033003004900027003335050067003606500015004276500021004426500024004637000020004879420026005079990017005339520149005502010082302552.0 aENG-101310 c500.00 aEN-84843 bDBAD/PUB a347.052 aManohar916807 aThe AIR manual :bunrepealed central acts (civil and criminal) /cby Manohar [and] Chitaley a6th ed aNagpurbThe All India Reporterc2004 aPost Box No. 209, Congress NagarbNagpure440012 av.17 (xii,1260p.)c25cm (Hb) aAIR publication916808 aV.17- Criminal Procedure Code, 1973 Section 145 to Section 247 aLaw916809 aCivil law916810 aCriminal law916811 aChitaley916093 2ddccENh347.052mMAN c42960d42960 00103v.1740718NFICaDBADbDBADd2010-08-23eDBAD/PUBg500.00l0o347.052 MANpEN-84843r2010-08-23 00:00:00t1v500.00w2010-08-23yENzv.17